000 00827cam a2200253 4500
001 ABS62492
008 000000n2000 000 0 eng u
035 _a(Sirsi) u106413
100 _aKell, A.
245 _aInteger: The story so far
260 _c2000
490 _aBuilding Homes
_v May 2000, 9-13(4)
520 _aConsiders the genesis and progress of Integer, a complete approach to homebuilding for the 21st century. Identifies the key elements of design, construction, intelligence and sustainability for the Integer scheme.
590 _aABS
650 _aINTEGER
650 _aHOUSE BUILDING
650 _aGREEN BUILDINGS
650 _aINNOVATIVE HOUSING
650 _aSUSTAINABLE COMMUNITIES
650 _aHOUSING DESIGN
690 _aHOUSING-DEVELOPMENT
700 _aThompson, N.
942 _n0
999 _c63736
_d63736